Statistics for Fast Math - Addition

Click here to take the quiz!

General Stats

  • This quiz has been taken 418,438 times
  • The average score is 16 of 20

Answer Stats

ProblemSolution% Correct
2 + 24
100%
3 + 2023
98%
3 + 3740
98%
1 + 407408
98%
4 + 123127
97%
1 + 129130
97%
2 + 166168
97%
1 + 237238
97%
7 + 1724
97%
10 + 232242
97%
1 + 256257
97%
3 + 407410
97%
6 + 4450
97%
4 + 5458
97%
3 + 101104
96%
28 + 80108
96%
7 + 110117
96%
3 + 117120
96%
31 + 90121
96%
3 + 181184
96%
10 + 207217
96%
5 + 213218
96%
3 + 218221
96%
12 + 211223
96%
3 + 2326
96%
2 + 338340
96%
60 + 302362
96%
2 + 3537
96%
1 + 370371
96%
9 + 390399
96%
2 + 419421
96%
3 + 4144
96%
14 + 3246
96%
2 + 4446
96%
6 + 454460
96%
5 + 464469
96%
2 + 476478
96%
3 + 491494
96%
17 + 3350
96%
1 + 533534
96%
5 + 546551
96%
1 + 553554
96%
8 + 561569
96%
6 + 5157
96%
1 + 573574
96%
1 + 598599
96%
2 + 5961
96%
20 + 4767
96%
1 + 67
96%
3 + 7578
96%
2 + 8082
96%
4 + 100104
95%
6 + 102108
95%
3 + 811
95%
4 + 711
95%
5 + 119124
95%
5 + 133138
95%
7 + 714
95%
5 + 145150
95%
9 + 141150
95%
2 + 1416
95%
50 + 110160
95%
9 + 160169
95%
10 + 160170
95%
4 + 166170
95%
1 + 1819
95%
5 + 190195
95%
6 + 1420
95%
5 + 1520
95%
6 + 202208
95%
4 + 1721
95%
3 + 215218
95%
2 + 2022
95%
6 + 1723
95%
8 + 230238
95%
1 + 260261
95%
1 + 263264
95%
80 + 200280
95%
2 + 289291
95%
8 + 2230
95%
4 + 297301
95%
6 + 2531
95%
3 + 2831
95%
1 + 309310
95%
2 + 312314
95%
13 + 1932
95%
1 + 325326
95%
20 + 317337
95%
4 + 335339
95%
39 + 301340
95%
1 + 342343
95%
2 + 354356
95%
2 + 362364
95%
2 + 375377
95%
4 + 403407
95%
9 + 3342
95%
6 + 414420
95%
20 + 401421
95%
3 + 436439
95%
1 + 439440
95%
100 + 344444
95%
6 + 451457
95%
59 + 400459
95%
4 + 4246
95%
5 + 458463
95%
3 + 460463
95%
1 + 465466
95%
4 + 492496
95%
1 + 498499
95%
9 + 4150
95%
4 + 496500
95%
5 + 501506
95%
4 + 506510
95%
4 + 515519
95%
1 + 530531
95%
33 + 500533
95%
2 + 531533
95%
5 + 4954
95%
1 + 539540
95%
2 + 5355
95%
4 + 5256
95%
1 + 562563
95%
2 + 5759
95%
12 + 5062
95%
1 + 6768
95%
2 + 6668
95%
8 + 6573
95%
2 + 7375
95%
2 + 68
95%
5 + 7580
95%
1 + 8990
95%
3 + 9093
95%
4 + 9094
95%
1 + 9394
95%
5 + 96101
94%
1 + 102103
94%
2 + 109111
94%
3 + 110113
94%
4 + 113117
94%
10 + 108118
94%
1 + 120121
94%
2 + 121123
94%
4 + 120124
94%
22 + 102124
94%
29 + 100129
94%
4 + 128132
94%
2 + 130132
94%
14 + 122136
94%
5 + 131136
94%
1 + 138139
94%
19 + 120139
94%
1 + 1314
94%
2 + 142144
94%
1 + 145146
94%
8 + 141149
94%
21 + 133154
94%
6 + 152158
94%
66 + 100166
94%
3 + 168171
94%
3 + 174177
94%
11 + 167178
94%
4 + 175179
94%
30 + 157187
94%
1 + 195196
94%
3 + 196199
94%
3 + 198201
94%
7 + 195202
94%
2 + 203205
94%
6 + 201207
94%
5 + 203208
94%
2 + 207209
94%
8 + 201209
94%
3 + 207210
94%
1 + 209210
94%
6 + 205211
94%
16 + 201217
94%
5 + 232237
94%
4 + 234238
94%
1 + 244245
94%
6 + 240246
94%
7 + 239246
94%
20 + 227247
94%
9 + 1625
94%
1 + 254255
94%
10 + 245255
94%
4 + 252256
94%
2 + 2426
94%
11 + 1526
94%
4 + 257261
94%
9 + 253262
94%
10 + 254264
94%
3 + 263266
94%
5 + 2227
94%
3 + 267270
94%
60 + 210270
94%
1 + 273274
94%
3 + 271274
94%
5 + 2328
94%
7 + 279286
94%
1 + 2829
94%
10 + 283293
94%
3 + 297300
94%
3 + 300303
94%
2 + 304306
94%
4 + 306310
94%
3 + 311314
94%
4 + 311315
94%
11 + 304315
94%
5 + 311316
94%
3 + 316319
94%
14 + 305319
94%
2 + 320322
94%
1 + 321322
94%
1 + 324325
94%
6 + 321327
94%
2 + 3133
94%
5 + 2934
94%
3 + 338341
94%
4 + 341345
94%
8 + 352360
94%
1 + 360361
94%
3 + 367370
94%
101 + 270371
94%
5 + 374379
94%
1 + 388389
94%
5 + 388393
94%
1 + 397398
94%
5 + 3540
94%
4 + 399403
94%
10 + 394404
94%
2 + 402404
94%
7 + 405412
94%
1 + 414415
94%
14 + 404418
94%
18 + 400418
94%
2 + 417419
94%
10 + 3242
94%
10 + 413423
94%
1 + 428429
94%
12 + 3143
94%
1 + 432433
94%
7 + 439446
94%
1 + 447448
94%
4 + 447451
94%
7 + 451458
94%
1 + 4546
94%
20 + 441461
94%
5 + 470475
94%
8 + 4048
94%
2 + 4648
94%
5 + 4348
94%
7 + 483490
94%
2 + 488490
94%
1 + 491492
94%
18 + 490508
94%
7 + 503510
94%
3 + 507510
94%
2 + 511513
94%
11 + 4152
94%
12 + 510522
94%
1 + 523524
94%
2 + 5153
94%
22 + 3153
94%
6 + 4753
94%
32 + 500532
94%
20 + 515535
94%
3 + 535538
94%
26 + 513539
94%
7 + 532539
94%
36 + 511547
94%
1 + 547548
94%
11 + 537548
94%
1 + 5455
94%
2 + 557559
94%
5 + 555560
94%
10 + 556566
94%
4 + 564568
94%
1 + 570571
94%
5 + 580585
94%
9 + 580589
94%
2 + 587589
94%
2 + 594596
94%
1 + 596597
94%
8 + 5462
94%
21 + 4263
94%
5 + 6267
94%
6 + 6167
94%
11 + 5768
94%
34 + 3569
94%
1 + 6970
94%
5 + 6974
94%
22 + 5577
94%
4 + 7478
94%
1 + 7980
94%
6 + 7884
94%
3 + 8588
94%
9 + 8089
94%
1 + 89
94%
6 + 8490
94%
26 + 6490
94%
13 + 8093
94%
7 + 8794
94%
1 + 9697
94%
13 + 87100
93%
19 + 82101
93%
20 + 83103
93%
3 + 100103
93%
10 + 93103
93%
51 + 54105
93%
11 + 96107
93%
39 + 70109
93%
9 + 101110
93%
37 + 73110
93%
4 + 110114
93%
2 + 113115
93%
1 + 114115
93%
9 + 110119
93%
8 + 113121
93%
12 + 112124
93%
20 + 104124
93%
3 + 123126
93%
7 + 120127
93%
6 + 121127
93%
3 + 128131
93%
2 + 134136
93%
3 + 134137
93%
6 + 132138
93%
7 + 131138
93%
4 + 138142
93%
7 + 135142
93%
3 + 141144
93%
7 + 141148
93%
5 + 1015
93%
10 + 142152
93%
2 + 152154
93%
50 + 106156
93%
1 + 157158
93%
40 + 118158
93%
30 + 129159
93%
60 + 100160
93%
3 + 162165
93%
10 + 156166
93%
4 + 163167
93%
6 + 162168
93%
1 + 171172
93%
4 + 169173
93%
20 + 155175
93%
1 + 181182
93%
10 + 172182
93%
3 + 185188
93%
1 + 189190
93%
40 + 156196
93%
3 + 194197
93%
6 + 192198
93%
2 + 196198
93%
4 + 1620
93%
1 + 200201
93%
6 + 197203
93%
60 + 145205
93%
3 + 202205
93%
3 + 205208
93%
10 + 201211
93%
2 + 211213
93%
20 + 195215
93%
5 + 1722
93%
6 + 215221
93%
9 + 214223
93%
3 + 222225
93%
4 + 224228
93%
3 + 225228
93%
1 + 229230
93%
5 + 226231
93%
3 + 230233
93%
1 + 232233
93%
111 + 124235
93%
2 + 236238
93%
6 + 234240
93%
7 + 235242
93%
2 + 241243
93%
23 + 221244
93%
45 + 203248
93%
8 + 243251
93%
11 + 241252
93%
100 + 155255
93%
50 + 207257
93%
8 + 1826
93%
5 + 256261
93%
9 + 252261
93%
7 + 260267
93%
1 + 276277
93%
5 + 272277
93%
2 + 286288
93%
1 + 290291
93%
4 + 287291
93%
4 + 288292
93%
98 + 200298
93%
2 + 297299
93%
7 + 294301
93%
2 + 300302
93%
15 + 290305
93%
103 + 204307
93%
7 + 302309
93%
117 + 200317
93%
3 + 2932
93%
11 + 309320
93%
4 + 323327
93%
1 + 327328
93%
5 + 325330
93%
21 + 315336
93%
9 + 330339
93%
1 + 345346
93%
3 + 345348
93%
110 + 238348
93%
10 + 2535
93%
50 + 302352
93%
1 + 351352
93%
3 + 354357
93%
7 + 351358
93%
9 + 350359
93%
5 + 355360
93%
7 + 355362
93%
10 + 352362
93%
4 + 360364
93%
3 + 364367
93%
1 + 3637
93%
9 + 361370
93%
2 + 376378
93%
5 + 382387
93%
2 + 385387
93%
30 + 358388
93%
7 + 381388
93%
8 + 381389
93%
10 + 388398
93%
10 + 3040
93%
3 + 397400
93%
5 + 398403
93%
16 + 2541
93%
6 + 3541
93%
1 + 409410
93%
3 + 412415
93%
50 + 365415
93%
13 + 403416
93%
12 + 405417
93%
8 + 412420
93%
12 + 413425
93%
6 + 423429
93%
2 + 4143
93%
22 + 423445
93%
5 + 441446
93%
2 + 449451
93%
51 + 403454
93%
14 + 441455
93%
3 + 452455
93%
8 + 3846
93%
2 + 466468
93%
8 + 462470
93%
7 + 470477
93%
4 + 474478
93%
3 + 4548
93%
2 + 483485
93%
1 + 485486
93%
4 + 482486
93%
8 + 483491
93%
20 + 480500
93%
6 + 499505
93%
8 + 501509
93%
40 + 474514
93%
4 + 514518
93%
9 + 509518
93%
14 + 505519
93%
9 + 4352
93%
5 + 519524
93%
8 + 517525
93%
2 + 523525
93%
5 + 523528
93%
6 + 522528
93%
3 + 526529
93%
7 + 522529
93%
8 + 521529
93%
33 + 502535
93%
7 + 530537
93%
3 + 538541
93%
2 + 539541
93%
21 + 524545
93%
3 + 544547
93%
5 + 542547
93%
3 + 5255
93%
10 + 541551
93%
3 + 551554
93%
4 + 552556
93%
56 + 503559
93%
7 + 4956
93%
1 + 569570
93%
3 + 570573
93%
7 + 567574
93%
4 + 570574
93%
9 + 565574
93%
5 + 573578
93%
1 + 579580
93%
8 + 572580
93%
2 + 579581
93%
3 + 580583
93%
1 + 588589
93%
3 + 593596
93%
1 + 5960
93%
5 + 5964
93%
9 + 5665
93%
4 + 6165
93%
25 + 4166
93%
6 + 6268
93%
14 + 5670
93%
4 + 6872
93%
12 + 6274
93%
3 + 7275
93%
24 + 5175
93%
7 + 7784
93%
8 + 7987
93%
4 + 8387
93%
1 + 8687
93%
11 + 7990
93%
21 + 6990
93%
7 + 8491
93%
2 + 8991
93%
8 + 8492
93%
2 + 9193
93%
5 + 8994
93%
10 + 8797
93%
40 + 5999
93%
3 + 9699
93%
27 + 77104
92%
8 + 97105
92%
33 + 72105
92%
9 + 98107
92%
2 + 105107
92%
20 + 88108
92%
5 + 104109
92%
5 + 105110
92%
22 + 88110
92%
7 + 106113
92%
12 + 103115
92%
11 + 105116
92%
2 + 115117
92%
2 + 116118
92%
14 + 105119
92%
5 + 114119
92%
7 + 113120
92%
2 + 120122
92%
3 + 119122
92%
19 + 105124
92%
1 + 128129
92%
9 + 122131
92%
11 + 120131
92%
4 + 127131
92%
2 + 129131
92%
6 + 131137
92%
4 + 133137
92%
7 + 132139
92%
31 + 111142
92%
12 + 134146
92%
1 + 147148
92%
6 + 142148
92%
5 + 144149
92%
4 + 148152
92%
5 + 151156
92%
8 + 150158
92%
12 + 146158
92%
3 + 157160
92%
51 + 110161
92%
63 + 100163
92%
22 + 142164
92%
56 + 110166
92%
1 + 166167
92%
63 + 112175
92%
6 + 173179
92%
51 + 130181
92%
1 + 183184
92%
50 + 137187
92%
5 + 184189
92%
10 + 179189
92%
4 + 189193
92%
71 + 130201
92%
7 + 198205
92%
55 + 151206
92%
20 + 188208
92%
2 + 206208
92%
8 + 207215
92%
48 + 170218
92%
2 + 216218
92%
1 + 218219
92%
9 + 1322
92%
11 + 1122
92%
1 + 220221
92%
9 + 213222
92%
7 + 215222
92%
2 + 221223
92%
17 + 210227
92%
23 + 205228
92%
8 + 222230
92%
23 + 212235
92%
25 + 211236
92%
7 + 231238
92%
13 + 225238
92%
3 + 237240
92%
2 + 240242
92%
25 + 220245
92%
14 + 231245
92%
46 + 200246
92%
2 + 245247
92%
22 + 225247
92%
4 + 244248
92%
16 + 233249
92%
5 + 251256
92%
36 + 220256
92%
3 + 255258
92%
4 + 255259
92%
2 + 262264
92%
1 + 266267
92%
2 + 265267
92%
6 + 263269
92%
26 + 244270
92%
4 + 267271
92%
23 + 250273
92%
6 + 267273
92%
2 + 272274
92%
20 + 254274
92%
4 + 273277
92%
2 + 276278
92%
1 + 278279
92%
3 + 277280
92%
4 + 276280
92%
1 + 286287
92%
7 + 281288
92%
3 + 285288
92%
11 + 1829
92%
7 + 287294
92%
14 + 280294
92%
34 + 260294
92%
63 + 232295
92%
9 + 291300
92%
23 + 277300
92%
1 + 299300
92%
1 + 303304
92%
9 + 301310
92%
7 + 303310
92%
5 + 306311
92%
10 + 301311
92%
11 + 301312
92%
3 + 309312
92%
23 + 290313
92%
8 + 306314
92%
7 + 307314
92%
9 + 305314
92%
11 + 303314
92%
6 + 311317
92%
2 + 316318
92%
18 + 303321
92%
101 + 221322
92%
5 + 317322
92%
4 + 321325
92%
9 + 2433
92%
7 + 323330
92%
2 + 329331
92%
4 + 330334
92%
1 + 333334
92%
1 + 337338
92%
7 + 341348
92%
9 + 2635
92%
4 + 3135
92%
2 + 349351
92%
13 + 340353
92%
5 + 350355
92%
15 + 341356
92%
107 + 251358
92%
6 + 354360
92%
4 + 358362
92%
5 + 362367
92%
37 + 330367
92%
9 + 362371
92%
11 + 361372
92%
2 + 372374
92%
7 + 370377
92%
1 + 379380
92%
1 + 381382
92%
9 + 376385
92%
12 + 373385
92%
3 + 385388
92%
20 + 368388
92%
5 + 383388
92%
99 + 290389
92%
4 + 386390
92%
4 + 387391
92%
4 + 388392
92%
8 + 390398
92%
7 + 3340
92%
9 + 393402
92%
7 + 396403
92%
12 + 393405
92%
10 + 396406
92%
3 + 405408
92%
6 + 406412
92%
5 + 409414
92%
6 + 409415
92%
9 + 407416
92%
7 + 412419
92%
5 + 3742
92%
15 + 405420
92%
9 + 416425
92%
24 + 401425
92%
1 + 424425
92%
29 + 400429
92%
8 + 425433
92%
6 + 430436
92%
7 + 430437
92%
3 + 434437
92%
5 + 434439
92%
10 + 431441
92%
8 + 435443
92%
4 + 439443
92%
12 + 431443
92%
46 + 400446
92%
36 + 410446
92%
1 + 446447
92%
3 + 444447
92%
7 + 440447
92%
130 + 322452
92%
7 + 445452
92%
13 + 440453
92%
9 + 445454
92%
23 + 432455
92%
7 + 452459
92%
6 + 455461
92%
5 + 457462
92%
32 + 432464
92%
101 + 363464
92%
22 + 444466
92%
7 + 460467
92%
19 + 450469
92%
1 + 469470
92%
31 + 440471
92%
3 + 470473
92%
10 + 467477
92%
9 + 470479
92%
10 + 3848
92%
7 + 473480
92%
12 + 480492
92%
20 + 472492
92%
3 + 501504
92%
2 + 502504
92%
8 + 498506
92%
1 + 506507
92%
11 + 506517
92%
3 + 515518
92%
3 + 517520
92%
10 + 513523
92%
4 + 523527
92%
1 + 527528
92%
3 + 525528
92%
8 + 4553
92%
10 + 521531
92%
9 + 525534
92%
6 + 531537
92%
1 + 537538
92%
23 + 516539
92%
9 + 534543
92%
41 + 505546
92%
24 + 522546
92%
6 + 542548
92%
14 + 4155
92%
4 + 546550
92%
5 + 548553
92%
3 + 552555
92%
4 + 555559
92%
59 + 500559
92%
30 + 535565
92%
2 + 564566
92%
5 + 561566
92%
22 + 545567
92%
14 + 560574
92%
3 + 573576
92%
31 + 551582
92%
4 + 578582
92%
1 + 582583
92%
1 + 584585
92%
20 + 567587
92%
4 + 587591
92%
54 + 540594
92%
6 + 592598
92%
3 + 5760
92%
18 + 4260
92%
23 + 3861
92%
10 + 5969
92%
16 + 5369
92%
22 + 4870
92%
32 + 4072
92%
7 + 6572
92%
4 + 7074
92%
8 + 6775
92%
15 + 6378
92%
7 + 7279
92%
5 + 7479
92%
11 + 7283
92%
23 + 6184
92%
11 + 7586
92%
3 + 8386
92%
19 + 6786
92%
5 + 8489
92%
10 + 7989
92%
41 + 5394
92%
30 + 6595
92%
14 + 8195
92%
20 + 7696
92%
2 + 9597
92%
5 + 9398
92%
21 + 7798
92%
6 + 95101
91%
8 + 94102
91%
5 + 97102
91%
1 + 105106
91%
35 + 72107
91%
8 + 104112
91%
53 + 60113
91%
58 + 58116
91%
13 + 103116
91%
40 + 79119
91%
29 + 91120
91%
6 + 115121
91%
14 + 108122
91%
8 + 115123
91%
3 + 120123
91%
25 + 99124
91%
9 + 115124
91%
2 + 124126
91%
7 + 122129
91%
28 + 102130
91%
21 + 111132
91%
8 + 128136
91%
16 + 121137
91%
8 + 131139
91%
3 + 1114
91%
18 + 122140
91%
19 + 122141
91%
70 + 74144
91%
25 + 122147
91%
8 + 140148
91%
11 + 138149
91%
3 + 147150
91%
8 + 146154
91%
45 + 110155
91%
3 + 153156
91%
15 + 141156
91%
16 + 140156
91%
17 + 140157
91%
20 + 138158
91%
7 + 152159
91%
3 + 156159
91%
4 + 155159
91%
7 + 156163
91%
55 + 109164
91%
9 + 157166
91%
30 + 138168
91%
33 + 137170
91%
6 + 164170
91%
5 + 166171
91%
8 + 164172
91%
72 + 101173
91%
12 + 163175
91%
3 + 173176
91%
7 + 169176
91%
6 + 172178
91%
5 + 176181
91%
13 + 172185
91%
85 + 101186
91%
2 + 186188
91%
6 + 182188
91%
18 + 170188
91%
16 + 173189
91%
18 + 172190
91%
15 + 176191
91%
9 + 182191
91%
13 + 183196
91%
9 + 192201
91%
8 + 195203
91%
5 + 198203
91%
4 + 202206
91%
11 + 196207
91%
30 + 177207
91%
2 + 205207
91%
9 + 200209
91%
7 + 206213
91%
4 + 211215
91%
11 + 207218
91%
29 + 190219
91%
4 + 1822
91%
50 + 174224
91%
25 + 200225
91%
4 + 221225
91%
6 + 219225
91%
10 + 217227
91%
20 + 207227
91%
5 + 223228
91%
28 + 200228
91%
21 + 208229
91%
27 + 203230
91%
11 + 220231
91%
1 + 230231
91%
9 + 224233
91%
40 + 195235
91%
30 + 205235
91%
6 + 231237
91%
9 + 229238
91%
11 + 234245
91%
26 + 222248
91%
2 + 246248
91%
7 + 242249
91%
2 + 251253
91%
6 + 250256
91%
33 + 223256
91%
8 + 249257
91%
55 + 203258
91%
6 + 257263
91%
7 + 257264
91%
22 + 243265
91%
46 + 221267
91%
24 + 245269
91%
4 + 268272
91%
8 + 266274
91%
10 + 267277
91%
11 + 267278
91%
5 + 275280
91%
14 + 266280
91%
12 + 270282
91%
101 + 181282
91%
4 + 285289
91%
3 + 294297
91%
5 + 298303
91%
2 + 302304
91%
4 + 308312
91%
5 + 308313
91%
13 + 302315
91%
2 + 324326
91%
25 + 302327
91%
7 + 2633
91%
28 + 302330
91%
3 + 331334
91%
33 + 307340
91%
11 + 329340
91%
30 + 314344
91%
6 + 339345
91%
5 + 340345
91%
100 + 246346
91%
1 + 348349
91%
9 + 340349
91%
25 + 325350
91%
4 + 348352
91%
9 + 346355
91%
31 + 328359
91%
6 + 358364
91%
20 + 345365
91%
8 + 358366
91%
8 + 360368
91%
6 + 363369
91%
10 + 359369
91%
61 + 309370
91%
7 + 364371
91%
5 + 366371
91%
13 + 360373
91%
8 + 370378
91%
74 + 305379
91%
30 + 349379
91%
10 + 369379
91%
9 + 372381
91%
22 + 361383
91%
8 + 375383
91%
2 + 382384
91%
5 + 379384
91%
33 + 353386
91%
6 + 382388
91%
2 + 392394
91%
80 + 320400
91%
10 + 395405
91%
11 + 396407
91%
9 + 399408
91%
1 + 415416
91%
4 + 413417
91%
11 + 3142
91%
30 + 390420
91%
3 + 417420
91%
5 + 415420
91%
24 + 402426
91%
4 + 423427
91%
4 + 3943
91%
8 + 422430
91%
13 + 418431
91%
2 + 429431
91%
8 + 426434
91%
4 + 431435
91%
19 + 419438
91%
14 + 425439
91%
31 + 409440
91%
40 + 401441
91%
13 + 430443
91%
75 + 370445
91%
9 + 436445
91%
9 + 439448
91%
4 + 453457
91%
1 + 456457
91%
4 + 454458
91%
17 + 441458
91%
10 + 449459
91%
13 + 3346
91%
11 + 3546
91%
2 + 459461
91%
8 + 454462
91%
20 + 443463
91%
4 + 464468
91%
14 + 454468
91%
50 + 419469
91%
6 + 465471
91%
8 + 464472
91%
16 + 460476
91%
66 + 410476
91%
77 + 401478
91%
33 + 446479
91%
40 + 439479
91%
5 + 475480
91%
12 + 473485
91%
13 + 473486
91%
20 + 468488
91%
23 + 466489
91%
9 + 480489
91%
6 + 484490
91%
10 + 482492
91%
30 + 466496
91%
4 + 501505
91%
106 + 400506
91%
108 + 401509
91%
33 + 477510
91%
6 + 505511
91%
1 + 513514
91%
6 + 509515
91%
9 + 508517
91%
20 + 498518
91%
17 + 501518
91%
2 + 517519
91%
9 + 518527
91%
8 + 529537
91%
1 + 536537
91%
5 + 532537
91%
4 + 536540
91%
9 + 531540
91%
2 + 543545
91%
203 + 342545
91%
22 + 524546
91%
21 + 525546
91%
2 + 549551
91%
201 + 355556
91%
57 + 500557
91%
3 + 562565
91%
220 + 345565
91%
54 + 512566
91%
12 + 554566
91%
2 + 565567
91%
27 + 540567
91%
22 + 546568
91%
8 + 562570
91%
46 + 524570
91%
3 + 568571
91%
7 + 565572
91%
4 + 571575
91%
73 + 503576
91%
20 + 559579
91%
7 + 576583
91%
2 + 582584
91%
8 + 577585
91%
2 + 589591
91%
5 + 587592
91%
3 + 591594
91%
4 + 594598
91%
19 + 4160
91%
24 + 3862
91%
26 + 3864
91%
7 + 5764
91%
17 + 5168
91%
3 + 6770
91%
9 + 6574
91%
34 + 4175
91%
19 + 5675
91%
35 + 4277
91%
1 + 8182
91%
42 + 4385
91%
32 + 5486
91%
31 + 5889
91%
21 + 7192
91%
25 + 7095
91%
15 + 8196
91%
9 + 8897
91%
14 + 8599
91%
15 + 85100
90%
11 + 91102
90%
4 + 103107
90%
6 + 108114
90%
15 + 103118
90%
7 + 112119
90%
2 + 119121
90%
30 + 99129
90%
8 + 123131
90%
10 + 123133
90%
5 + 128133
90%
17 + 117134
90%
15 + 121136
90%
21 + 115136
90%
32 + 105137
90%
5 + 138143
90%
12 + 132144
90%
13 + 132145
90%
8 + 138146
90%
7 + 142149
90%
11 + 141152
90%
31 + 123154
90%
27 + 127154
90%
13 + 144157
90%
14 + 143157
90%
26 + 133159
90%
19 + 141160
90%
24 + 136160
90%
2 + 159161
90%
9 + 154163
90%
5 + 159164
90%
8 + 156164
90%
42 + 122164
90%
30 + 136166
90%
22 + 149171
90%
6 + 165171
90%
21 + 152173
90%
9 + 164173
90%
67 + 107174
90%
25 + 150175
90%
35 + 143178
90%
1 + 179180
90%
11 + 169180
90%
9 + 173182
90%
6 + 177183
90%
9 + 174183
90%
7 + 178185
90%
3 + 183186
90%
5 + 181186
90%
32 + 164196
90%
7 + 189196
90%
9 + 188197
90%
11 + 187198
90%
51 + 152203
90%
18 + 190208
90%
4 + 205209
90%
9 + 205214
90%
15 + 200215
90%
14 + 202216
90%
17 + 200217
90%
18 + 200218
90%
13 + 207220
90%
41 + 181222
90%
7 + 221228
90%
19 + 210229
90%
23 + 210233
90%
22 + 213235
90%
12 + 224236
90%
101 + 141242
90%
8 + 235243
90%
11 + 232243
90%
13 + 232245
90%
5 + 243248
90%
12 + 237249
90%
8 + 248256
90%
40 + 216256
90%
3 + 254257
90%
51 + 209260
90%
52 + 209261
90%
6 + 255261
90%
42 + 225267
90%
17 + 253270
90%
9 + 263272
90%
21 + 252273
90%
65 + 210275
90%
33 + 244277
90%
124 + 153277
90%
71 + 207278
90%
5 + 277282
90%
121 + 162283
90%
40 + 243283
90%
44 + 240284
90%
9 + 276285
90%
31 + 255286
90%
11 + 277288
90%
60 + 228288
90%
27 + 262289
90%
20 + 271291
90%
11 + 282293
90%
13 + 282295
90%
16 + 280296
90%
60 + 236296
90%
104 + 192296
90%
92 + 205297
90%
4 + 296300
90%
9 + 292301
90%
25 + 280305
90%
9 + 297306
90%
6 + 300306
90%
4 + 2731
90%
1 + 315316
90%
120 + 201321
90%
129 + 201330
90%
9 + 321330
90%
20 + 311331
90%
9 + 322331
90%
8 + 324332
90%
23 + 310333
90%
5 + 330335
90%
37 + 302339
90%
6 + 340346
90%
43 + 304347
90%
2 + 345347
90%
7 + 2835
90%
64 + 290354
90%
10 + 346356
90%
33 + 324357
90%
37 + 321358
90%
21 + 337358
90%
14 + 345359
90%
11 + 349360
90%
40 + 325365
90%
55 + 310365
90%
6 + 360366
90%
4 + 362366
90%
22 + 344366
90%
8 + 2937
90%
55 + 315370
90%
31 + 340371
90%
4 + 368372
90%
24 + 350374
90%
4 + 371375
90%
6 + 370376
90%
77 + 302379
90%
6 + 379385
90%
9 + 379388
90%
14 + 374388
90%
13 + 380393
90%
7 + 387394
90%
11 + 383394
90%
4 + 390394
90%
185 + 210395
90%
2 + 394396
90%
91 + 307398
90%
6 + 397403
90%
35 + 370405
90%
5 + 401406
90%
8 + 400408
90%
81 + 330411
90%
2 + 412414
90%
7 + 408415
90%
103 + 314417
90%
9 + 410419
90%
16 + 405421
90%
5 + 418423
90%
11 + 415426
90%
6 + 421427
90%
16 + 411427
90%
23 + 404427
90%
21 + 409430
90%
5 + 427432
90%
21 + 413434
90%
8 + 430438
90%
18 + 422440
90%
9 + 432441
90%
2 + 439441
90%
20 + 421441
90%
72 + 370442
90%
7 + 437444
90%
142 + 302444
90%
13 + 436449
90%
5 + 450455
90%
24 + 431455
90%
7 + 449456
90%
53 + 405458
90%
15 + 3146
90%
25 + 435460
90%
50 + 412462
90%
8 + 456464
90%
11 + 454465
90%
58 + 408466
90%
23 + 450473
90%
1 + 475476
90%
21 + 459480
90%
2 + 479481
90%
3 + 479482
90%
6 + 477483
90%
24 + 463487
90%
8 + 479487
90%
9 + 478487
90%
40 + 448488
90%
1 + 489490
90%
200 + 290490
90%
5 + 485490
90%
5 + 492497
90%
26 + 471497
90%
2 + 496498
90%
11 + 487498
90%
9 + 489498
90%
7 + 493500
90%
10 + 491501
90%
12 + 491503
90%
3 + 508511
90%
7 + 504511
90%
35 + 480515
90%
104 + 412516
90%
8 + 509517
90%
6 + 513519
90%
12 + 507519
90%
19 + 3352
90%
30 + 490520
90%
15 + 507522
90%
16 + 508524
90%
16 + 512528
90%
27 + 502529
90%
5 + 528533
90%
4 + 529533
90%
9 + 527536
90%
15 + 522537
90%
29 + 510539
90%
11 + 529540
90%
8 + 533541
90%
22 + 521543
90%
144 + 400544
90%
9 + 539548
90%
19 + 530549
90%
20 + 529549
90%
4 + 545549
90%
2 + 553555
90%
256 + 300556
90%
12 + 547559
90%
18 + 3856
90%
121 + 440561
90%
144 + 420564
90%
6 + 559565
90%
10 + 555565
90%
9 + 4857
90%
35 + 535570
90%
52 + 520572
90%
6 + 568574
90%
12 + 563575
90%
2 + 575577
90%
23 + 557580
90%
9 + 571580
90%
11 + 574585
90%
12 + 577589
90%
8 + 5159
90%
10 + 582592
90%
70 + 523593
90%
51 + 543594
90%
11 + 585596
90%
28 + 570598
90%
13 + 4861
90%
13 + 6073
90%
6 + 6874
90%
9 + 7281
90%
17 + 6784
90%
18 + 7391
90%
22 + 7193
90%
8 + 8795
90%
3 + 9598
90%
18 + 84102
89%
53 + 55108
89%
46 + 62108
89%
32 + 77109
89%
7 + 104111
89%
46 + 67113
89%
33 + 82115
89%
19 + 103122
89%
17 + 107124
89%
42 + 88130
89%
24 + 107131
89%
26 + 111137
89%
17 + 122139
89%
4 + 136140
89%
9 + 133142
89%
7 + 137144
89%
33 + 112145
89%
14 + 133147
89%
49 + 99148
89%
15 + 135150
89%
20 + 130150
89%
5 + 147152
89%
8 + 145153
89%
30 + 125155
89%
48 + 107155
89%
41 + 114155
89%
16 + 141157
89%
4 + 153157
89%
11 + 147158
89%
2 + 158160
89%
16 + 150166
89%
7 + 165172
89%
7 + 167174
89%
8 + 168176
89%
70 + 107177
89%
20 + 157177
89%
46 + 134180
89%
8 + 176184
89%
24 + 163187
89%
77 + 110187
89%
12 + 177189
89%
31 + 158189
89%
8 + 186194
89%
4 + 190194
89%
61 + 134195
89%
26 + 171197
89%
97 + 102199
89%
28 + 172200
89%
45 + 155200
89%
13 + 188201
89%
9 + 196205
89%
55 + 160215
89%
35 + 180215
89%
7 + 209216
89%
8 + 219227
89%
2 + 226228
89%
11 + 219230
89%
31 + 203234
89%
8 + 229237
89%
32 + 209241
89%
38 + 205243
89%
9 + 234243
89%
3 + 245248
89%
33 + 217250
89%
35 + 215250
89%
9 + 242251
89%
47 + 204251
89%
7 + 247254
89%
8 + 246254
89%
15 + 241256
89%
15 + 243258
89%
25 + 233258
89%
11 + 252263
89%
47 + 220267
89%
36 + 231267
89%
15 + 253268
89%
61 + 209270
89%
5 + 265270
89%
8 + 264272
89%
51 + 224275
89%
3 + 273276
89%
7 + 269276
89%
27 + 250277
89%
6 + 271277
89%
21 + 257278
89%
3 + 281284
89%
9 + 275284
89%
6 + 278284
89%
82 + 202284
89%
7 + 278285
89%
81 + 208289
89%
9 + 284293
89%
15 + 280295
89%
33 + 264297
89%
6 + 292298
89%
11 + 287298
89%
12 + 290302
89%
21 + 285306
89%
1 + 307308
89%
12 + 297309
89%
30 + 280310
89%
31 + 279310
89%
50 + 263313
89%
6 + 308314
89%
27 + 290317
89%
28 + 290318
89%
7 + 315322
89%
8 + 314322
89%
3 + 321324
89%
27 + 299326
89%
10 + 318328
89%
24 + 304328
89%
31 + 299330
89%
7 + 328335
89%
14 + 322336
89%
22 + 314336
89%
26 + 311337
89%
10 + 327337
89%
40 + 299339
89%
115 + 230345
89%
75 + 270345
89%
9 + 337346
89%
6 + 342348
89%
19 + 331350
89%
51 + 301352
89%
8 + 345353
89%
11 + 345356
89%
18 + 340358
89%
21 + 341362
89%
23 + 340363
89%
54 + 310364
89%
11 + 356367
89%
2 + 366368
89%
23 + 353376
89%
21 + 361382
89%
113 + 272385
89%
50 + 338388
89%
20 + 371391
89%
51 + 347398
89%
111 + 287398
89%
31 + 369400
89%
13 + 393406
89%
6 + 408414
89%
115 + 302417
89%
15 + 402417
89%
2 + 418420
89%
19 + 402421
89%
7 + 417424
89%
22 + 404426
89%
127 + 302429
89%
19 + 411430
89%
6 + 425431
89%
7 + 426433
89%
25 + 412437
89%
23 + 415438
89%
11 + 428439
89%
70 + 371441
89%
113 + 333446
89%
11 + 439450
89%
7 + 444451
89%
30 + 423453
89%
15 + 441456
89%
23 + 434457
89%
37 + 420457
89%
30 + 428458
89%
6 + 452458
89%
52 + 411463
89%
59 + 404463
89%
110 + 357467
89%
42 + 426468
89%
104 + 365469
89%
103 + 366469
89%
170 + 307477
89%
13 + 465478
89%
7 + 4148
89%
8 + 472480
89%
101 + 382483
89%
72 + 412484
89%
20 + 473493
89%
5 + 491496
89%
6 + 490496
89%
8 + 489497
89%
51 + 451502
89%
3 + 499502
89%
13 + 493506
89%
28 + 482510
89%
11 + 502513
89%
5 + 509514
89%
112 + 402514
89%
11 + 509520
89%
5 + 522527
89%
13 + 515528
89%
2 + 527529
89%
120 + 417537
89%
13 + 524537
89%
118 + 420538
89%
10 + 4454
89%
5 + 535540
89%
30 + 514544
89%
35 + 512547
89%
15 + 540555
89%
14 + 543557
89%
25 + 532557
89%
11 + 547558
89%
40 + 522562
89%
8 + 556564
89%
15 + 551566
89%
9 + 558567
89%
17 + 550567
89%
5 + 564569
89%
10 + 562572
89%
21 + 551572
89%
4 + 569573
89%
51 + 523574
89%
8 + 567575
89%
7 + 568575
89%
11 + 565576
89%
7 + 572579
89%
100 + 485585
89%
6 + 579585
89%
8 + 581589
89%
30 + 559589
89%
19 + 570589
89%
14 + 4559
89%
110 + 483593
89%
44 + 554598
89%
33 + 565598
89%
102 + 497599
89%
16 + 4460
89%
15 + 4762
89%
8 + 5563
89%
14 + 5165
89%
7 + 5966
89%
12 + 5466
89%
16 + 5672
89%
8 + 6674
89%
19 + 6180
89%
8 + 7583
89%
14 + 7286
89%
6 + 8692
89%
40 + 5393
89%
24 + 77101
88%
7 + 96103
88%
12 + 93105
88%
23 + 84107
88%
31 + 78109
88%
41 + 69110
88%
28 + 84112
88%
17 + 95112
88%
26 + 87113
88%
33 + 87120
88%
18 + 103121
88%
19 + 102121
88%
13 + 115128
88%
23 + 106129
88%
14 + 119133
88%
9 + 126135
88%
41 + 104145
88%
29 + 119148
88%
16 + 133149
88%
9 + 146155
88%
35 + 121156
88%
62 + 95157
88%
31 + 128159
88%
14 + 148162
88%
52 + 110162
88%
11 + 154165
88%
53 + 114167
88%
23 + 145168
88%
2 + 176178
88%
43 + 136179
88%
39 + 140179
88%
42 + 141183
88%
15 + 172187
88%
52 + 136188
88%
39 + 151190
88%
10 + 183193
88%
54 + 145199
88%
17 + 183200
88%
46 + 154200
88%
62 + 138200
88%
15 + 186201
88%
31 + 175206
88%
26 + 199225
88%
41 + 186227
88%
18 + 212230
88%
29 + 203232
88%
6 + 229235
88%
9 + 226235
88%
107 + 130237
88%
24 + 217241
88%
36 + 205241
88%
13 + 229242
88%
7 + 236243
88%
5 + 238243
88%
56 + 190246
88%
2 + 254256
88%
125 + 135260
88%
13 + 253266
88%
27 + 241268
88%
24 + 246270
88%
30 + 244274
88%
50 + 225275
88%
30 + 247277
88%
9 + 269278
88%
41 + 243284
88%
12 + 275287
88%
14 + 274288
88%
5 + 283288
88%
6 + 283289
88%
55 + 236291
88%
5 + 288293
88%
102 + 192294
88%
8 + 287295
88%
13 + 283296
88%
43 + 255298
88%
22 + 278300
88%
8 + 296304
88%
42 + 268310
88%
3 + 308311
88%
9 + 308317
88%
20 + 298318
88%
15 + 303318
88%
9 + 313322
88%
103 + 221324
88%
14 + 312326
88%
12 + 317329
88%
13 + 316329
88%
140 + 190330
88%
16 + 314330
88%
4 + 328332
88%
160 + 172332
88%
19 + 314333
88%
13 + 323336
88%
18 + 318336
88%
4 + 333337
88%
14 + 328342
88%
8 + 334342
88%
8 + 337345
88%
150 + 203353
88%
26 + 332358
88%
12 + 347359
88%
132 + 230362
88%
132 + 232364
88%
12 + 354366
88%
38 + 328366
88%
43 + 324367
88%
9 + 359368
88%
60 + 312372
88%
7 + 366373
88%
42 + 334376
88%
26 + 350376
88%
8 + 369377
88%
43 + 334377
88%
14 + 364378
88%
11 + 367378
88%
3 + 376379
88%
35 + 344379
88%
5 + 377382
88%
7 + 376383
88%
8 + 379387
88%
102 + 288390
88%
15 + 378393
88%
133 + 260393
88%
92 + 303395
88%
63 + 334397
88%
21 + 379400
88%
104 + 296400
88%
23 + 382405
88%
158 + 250408
88%
60 + 349409
88%
8 + 406414
88%
16 + 402418
88%
204 + 225429
88%
32 + 406438
88%
106 + 335441
88%
8 + 436444
88%
39 + 406445
88%
14 + 434448
88%
30 + 418448
88%
31 + 422453
88%
13 + 443456
88%
21 + 436457
88%
18 + 441459
88%
47 + 421468
88%
5 + 467472
88%
69 + 404473
88%
9 + 467476
88%
201 + 276477
88%
60 + 418478
88%
11 + 469480
88%
90 + 392482
88%
9 + 477486
88%
3 + 484487
88%
45 + 443488
88%
79 + 410489
88%
32 + 457489
88%
103 + 386489
88%
102 + 388490
88%
16 + 476492
88%
13 + 483496
88%
41 + 455496
88%
150 + 354504
88%
21 + 484505
88%
9 + 498507
88%
26 + 490516
88%
18 + 3452
88%
25 + 495520
88%
5 + 516521
88%
60 + 465525
88%
8 + 519527
88%
70 + 457527
88%
27 + 504531
88%
23 + 513536
88%
8 + 528536
88%
6 + 532538
88%
14 + 525539
88%
12 + 528540
88%
123 + 423546
88%
34 + 512546
88%
7 + 540547
88%
27 + 521548
88%
42 + 509551
88%
61 + 490551
88%
44 + 508552
88%
42 + 511553
88%
6 + 549555
88%
14 + 541555
88%
230 + 328558
88%
38 + 521559
88%
19 + 541560
88%
9 + 553562
88%
59 + 505564
88%
42 + 523565
88%
7 + 558565
88%
104 + 461565
88%
24 + 545569
88%
6 + 571577
88%
30 + 548578
88%
57 + 522579
88%
160 + 420580
88%
25 + 558583
88%
14 + 571585
88%
3 + 585588
88%
14 + 575589
88%
37 + 552589
88%
7 + 586593
88%
8 + 586594
88%
20 + 579599
88%
7 + 5663
88%
29 + 4978
88%
14 + 6579
88%
29 + 5483
88%
12 + 7688
88%
34 + 5892
88%
16 + 85101
87%
39 + 67106
87%
27 + 88115
87%
44 + 73117
87%
21 + 98119
87%
16 + 105121
87%
35 + 91126
87%
34 + 94128
87%
17 + 114131
87%
64 + 68132
87%
27 + 108135
87%
40 + 98138
87%
11 + 128139
87%
39 + 111150
87%
13 + 155168
87%
17 + 154171
87%
20 + 158178
87%
26 + 153179
87%
72 + 108180
87%
33 + 150183
87%
4 + 182186
87%
21 + 166187
87%
37 + 151188
87%
7 + 181188
87%
35 + 156191
87%
72 + 121193
87%
55 + 141196
87%
34 + 163197
87%
44 + 156200
87%
16 + 185201
87%
4 + 198202
87%
21 + 183204
87%
17 + 191208
87%
52 + 157209
87%
63 + 146209
87%
18 + 191209
87%
84 + 126210
87%
50 + 162212
87%
17 + 205222
87%
23 + 200223
87%
24 + 199223
87%
15 + 214229
87%
16 + 215231
87%
14 + 218232
87%
6 + 228234
87%
32 + 202234
87%
80 + 155235
87%
37 + 199236
87%
19 + 218237
87%
19 + 221240
87%
15 + 234249
87%
108 + 142250
87%
48 + 210258
87%
49 + 214263
87%
12 + 257269
87%
44 + 227271
87%
34 + 241275
87%
28 + 252280
87%
32 + 249281
87%
59 + 230289
87%
40 + 252292
87%
111 + 181292
87%
142 + 151293
87%
110 + 183293
87%
7 + 293300
87%
52 + 248300
87%
17 + 283300
87%
23 + 281304
87%
150 + 155305
87%
86 + 220306
87%
90 + 223313
87%
22 + 292314
87%
116 + 211327
87%
63 + 270333
87%
6 + 329335
87%
15 + 322337
87%
12 + 327339
87%
28 + 311339
87%
16 + 334350
87%
24 + 332356
87%
6 + 352358
87%
39 + 320359
87%
25 + 343368
87%
49 + 320369
87%
16 + 353369
87%
47 + 323370
87%
30 + 341371
87%
19 + 352371
87%
104 + 271375
87%
28 + 348376
87%
133 + 243376
87%
17 + 361378
87%
15 + 364379
87%
114 + 266380
87%
8 + 376384
87%
48 + 342390
87%
3 + 388391
87%
141 + 251392
87%
62 + 331393
87%
107 + 290397
87%
6 + 392398
87%
3 + 404407
87%
105 + 313418
87%
60 + 363423
87%
14 + 409423
87%
16 + 409425
87%
109 + 317426
87%
3 + 424427
87%
27 + 405432
87%
9 + 424433
87%
28 + 409437
87%
21 + 416437
87%
33 + 409442
87%
6 + 438444
87%
12 + 439451
87%
6 + 447453
87%
8 + 445453
87%
31 + 423454
87%
9 + 446455
87%
44 + 419463
87%
160 + 306466
87%
9 + 457466
87%
26 + 442468
87%
16 + 452468
87%
102 + 371473
87%
22 + 452474
87%
6 + 472478
87%
19 + 459478
87%
41 + 438479
87%
47 + 433480
87%
4 + 481485
87%
25 + 463488
87%
39 + 450489
87%
8 + 486494
87%
7 + 488495
87%
22 + 476498
87%
104 + 395499
87%
32 + 468500
87%
19 + 482501
87%
111 + 394505
87%
74 + 432506
87%
24 + 482506
87%
10 + 499509
87%
16 + 3551
87%
17 + 493510
87%
16 + 494510
87%
100 + 416516
87%
21 + 499520
87%
80 + 440520
87%
24 + 499523
87%
35 + 490525
87%
18 + 509527
87%
60 + 471531
87%
17 + 514531
87%
15 + 523538
87%
170 + 370540
87%
24 + 518542
87%
39 + 507546
87%
17 + 3855
87%
107 + 444551
87%
80 + 471551
87%
103 + 449552
87%
7 + 547554
87%
55 + 509564
87%
45 + 521566
87%
67 + 499566
87%
161 + 410571
87%
243 + 330573
87%
64 + 509573
87%
13 + 563576
87%
269 + 310579
87%
16 + 564580
87%
8 + 574582
87%
8 + 576584
87%
32 + 554586
87%
125 + 464589
87%
6 + 584590
87%
14 + 581595
87%
41 + 554595
87%
8 + 589597
87%
9 + 589598
87%
90 + 509599
87%
18 + 6583
87%
16 + 6884
87%
14 + 8296
87%
26 + 88114
86%
41 + 78119
86%
22 + 115137
86%
28 + 123151
86%
23 + 134157
86%
18 + 143161
86%
28 + 138166
86%
19 + 148167
86%
18 + 154172
86%
37 + 137174
86%
66 + 108174
86%
25 + 149174
86%
58 + 123181
86%
27 + 156183
86%
62 + 123185
86%
16 + 169185
86%
53 + 134187
86%
43 + 144187
86%
23 + 174197
86%
41 + 157198
86%
22 + 178200
86%
14 + 187201
86%
25 + 177202
86%
12 + 195207
86%
19 + 199218
86%
8 + 214222
86%
42 + 183225
86%
27 + 199226
86%
16 + 213229
86%
107 + 137244
86%
112 + 138250
86%
13 + 247260
86%
45 + 216261
86%
8 + 256264
86%
120 + 146266
86%
56 + 222278
86%
47 + 231278
86%
29 + 251280
86%
15 + 267282
86%
8 + 275283
86%
114 + 170284
86%
64 + 223287
86%
34 + 254288
86%
15 + 274289
86%
22 + 273295
86%
116 + 182298
86%
44 + 254298
86%
75 + 224299
86%
35 + 265300
86%
12 + 289301
86%
6 + 317323
86%
29 + 305334
86%
134 + 205339
86%
111 + 229340
86%
35 + 312347
86%
107 + 240347
86%
41 + 319360
86%
106 + 254360
86%
39 + 323362
86%
41 + 326367
86%
126 + 250376
86%
28 + 352380
86%
16 + 370386
86%
31 + 357388
86%
9 + 388397
86%
43 + 355398
86%
58 + 340398
86%
15 + 383398
86%
139 + 260399
86%
9 + 398407
86%
22 + 385407
86%
17 + 393410
86%
120 + 292412
86%
42 + 381423
86%
122 + 301423
86%
18 + 408426
86%
19 + 2443
86%
17 + 422439
86%
15 + 429444
86%
90 + 358448
86%
9 + 453462
86%
23 + 443466
86%
64 + 403467
86%
98 + 370468
86%
18 + 2947
86%
12 + 459471
86%
15 + 458473
86%
36 + 444480
86%
204 + 278482
86%
11 + 474485
86%
71 + 418489
86%
190 + 303493
86%
36 + 461497
86%
58 + 440498
86%
14 + 485499
86%
52 + 452504
86%
25 + 482507
86%
37 + 470507
86%
54 + 454508
86%
70 + 439509
86%
250 + 270520
86%
7 + 514521
86%
28 + 505533
86%
19 + 521540
86%
13 + 531544
86%
17 + 532549
86%
29 + 520549
86%
95 + 455550
86%
8 + 545553
86%
8 + 548556
86%
7 + 549556
86%
122 + 435557
86%
25 + 533558
86%
157 + 401558
86%
28 + 531559
86%
154 + 410564
86%
207 + 361568
86%
88 + 480568
86%
215 + 355570
86%
62 + 510572
86%
21 + 557578
86%
24 + 556580
86%
71 + 512583
86%
111 + 472583
86%
203 + 382585
86%
63 + 533596
86%
66 + 531597
86%
126 + 472598
86%
23 + 575598
86%
14 + 585599
86%
25 + 3863
86%
21 + 4364
86%
27 + 4572
86%
27 + 4976
86%
28 + 5078
86%
36 + 5894
86%
19 + 7998
86%
36 + 94130
85%
43 + 92135
85%
46 + 95141
85%
57 + 95152
85%
38 + 115153
85%
29 + 126155
85%
16 + 146162
85%
66 + 97163
85%
58 + 107165
85%
15 + 160175
85%
86 + 95181
85%
17 + 174191
85%
28 + 165193
85%
71 + 124195
85%
8 + 188196
85%
56 + 142198
85%
33 + 169202
85%
24 + 181205
85%
65 + 141206
85%
19 + 188207
85%
50 + 167217
85%
23 + 196219
85%
81 + 141222
85%
32 + 192224
85%
50 + 178228
85%
33 + 198231
85%
16 + 217233
85%
117 + 117234
85%
54 + 180234
85%
28 + 207235
85%
109 + 129238
85%
82 + 160242
85%
39 + 208247
85%
90 + 159249
85%
21 + 229250
85%
66 + 193259
85%
79 + 181260
85%
57 + 205262
85%
14 + 249263
85%
16 + 249265
85%
33 + 242275
85%
68 + 209277
85%
25 + 252277
85%
36 + 242278
85%
28 + 251279
85%
62 + 218280
85%
8 + 279287
85%
35 + 259294
85%
57 + 240297
85%
67 + 231298
85%
24 + 276300
85%
32 + 274306
85%
61 + 246307
85%
14 + 293307
85%
126 + 182308
85%
33 + 283316
85%
17 + 299316
85%
18 + 299317
85%
62 + 263325
85%
81 + 244325
85%
44 + 281325
85%
45 + 280325
85%
17 + 315332
85%
35 + 299334
85%
140 + 199339
85%
45 + 295340
85%
72 + 270342
85%
90 + 259349
85%
27 + 327354
85%
29 + 326355
85%
70 + 295365
85%
124 + 245369
85%
69 + 302371
85%
18 + 354372
85%
83 + 290373
85%
76 + 306382
85%
60 + 324384
85%
18 + 372390
85%
84 + 307391
85%
130 + 262392
85%
40 + 352392
85%
19 + 373392
85%
72 + 321393
85%
155 + 241396
85%
16 + 388404
85%
97 + 307404
85%
64 + 341405
85%
18 + 390408
85%
36 + 376412
85%
90 + 325415
85%
17 + 412429
85%
117 + 317434
85%
15 + 423438
85%
123 + 315438
85%
16 + 423439
85%
27 + 417444
85%
33 + 415448
85%
18 + 433451
85%
57 + 399456
85%
24 + 434458
85%
202 + 257459
85%
13 + 448461
85%
43 + 419462
85%
80 + 385465
85%
46 + 421467
85%
59 + 412471
85%
73 + 406479
85%
121 + 361482
85%
14 + 469483
85%
42 + 443485
85%
17 + 472489
85%
84 + 411495
85%
34 + 463497
85%
14 + 488502
85%
24 + 480504
85%
26 + 486512
85%
150 + 366516
85%
22 + 497519
85%
217 + 303520
85%
213 + 310523
85%
19 + 513532
85%
25 + 509534
85%
17 + 517534
85%
50 + 486536
85%
38 + 499537
85%
60 + 478538
85%
43 + 497540
85%
19 + 533552
85%
145 + 409554
85%
48 + 507555
85%
9 + 548557
85%
115 + 442557
85%
61 + 497558
85%
53 + 508561
85%
23 + 544567
85%
35 + 533568
85%
211 + 357568
85%
168 + 402570
85%
49 + 522571
85%
19 + 553572
85%
172 + 406578
85%
22 + 559581
85%
221 + 361582
85%
261 + 322583
85%
52 + 532584
85%
250 + 335585
85%
101 + 489590
85%
17 + 573590
85%
74 + 518592
85%
130 + 462592
85%
53 + 541594
85%
87 + 509596
85%
32 + 567599
85%
39 + 74113
84%
43 + 79122
84%
43 + 88131
84%
45 + 89134
84%
27 + 118145
84%
44 + 108152
84%
93 + 98191
84%
84 + 109193
84%
17 + 179196
84%
57 + 142199
84%
34 + 167201
84%
19 + 183202
84%
80 + 123203
84%
36 + 174210
84%
39 + 179218
84%
47 + 172219
84%
31 + 196227
84%
34 + 197231
84%
84 + 152236
84%
109 + 132241
84%
17 + 229246
84%
19 + 229248
84%
17 + 235252
84%
28 + 225253
84%
18 + 237255
84%
29 + 229258
84%
19 + 244263
84%
37 + 233270
84%
36 + 235271
84%
54 + 218272
84%
31 + 242273
84%
13 + 268281
84%
78 + 208286
84%
18 + 273291
84%
122 + 175297
84%
61 + 242303
84%
18 + 288306
84%
26 + 282308
84%
28 + 281309
84%
55 + 258313
84%
37 + 277314
84%
36 + 281317
84%
23 + 294317
84%
19 + 305324
84%
26 + 309335
84%
7 + 335342
84%
44 + 299343
84%
112 + 231343
84%
133 + 212345
84%
80 + 266346
84%
16 + 341357
84%
32 + 328360
84%
46 + 315361
84%
35 + 334369
84%
53 + 318371
84%
124 + 248372
84%
25 + 348373
84%
32 + 345377
84%
52 + 326378
84%
173 + 206379
84%
4 + 377381
84%
140 + 246386
84%
68 + 321389
84%
67 + 322389
84%
23 + 367390
84%
48 + 347395
84%
57 + 341398
84%
72 + 328400
84%
24 + 378402
84%
16 + 389405
84%
152 + 254406
84%
54 + 353407
84%
33 + 376409
84%
32 + 381413
84%
28 + 399427
84%
21 + 415436
84%
205 + 233438
84%
122 + 317439
84%
29 + 424453
84%
34 + 428462
84%
131 + 332463
84%
38 + 431469
84%
67 + 406473
84%
37 + 437474
84%
17 + 458475
84%
110 + 368478
84%
175 + 304479
84%
51 + 432483
84%
104 + 379483
84%
123 + 362485
84%
235 + 252487
84%
132 + 361493
84%
105 + 391496
84%
15 + 483498
84%
238 + 260498
84%
46 + 455501
84%
15 + 488503
84%
93 + 414507
84%
61 + 447508
84%
50 + 464514
84%
109 + 406515
84%
218 + 303521
84%
65 + 460525
84%
32 + 498530
84%
140 + 392532
84%
16 + 526542
84%
8 + 535543
84%
8 + 537545
84%
85 + 460545
84%
210 + 335545
84%
18 + 529547
84%
46 + 512558
84%
13 + 548561
84%
16 + 545561
84%
17 + 546563
84%
27 + 541568
84%
43 + 531574
84%
36 + 541577
84%
34 + 544578
84%
258 + 320578
84%
162 + 420582
84%
260 + 323583
84%
17 + 566583
84%
60 + 524584
84%
230 + 355585
84%
16 + 569585
84%
136 + 450586
84%
42 + 548590
84%
63 + 528591
84%
77 + 515592
84%
15 + 583598
84%
26 + 4369
84%
17 + 7693
84%
29 + 6796
84%
25 + 97122
83%
49 + 83132
83%
37 + 106143
83%
18 + 126144
83%
44 + 116160
83%
17 + 146163
83%
36 + 149185
83%
58 + 129187
83%
32 + 158190
83%
59 + 135194
83%
83 + 116199
83%
77 + 131208
83%
81 + 131212
83%
91 + 136227
83%
79 + 151230
83%
70 + 168238
83%
106 + 139245
83%
43 + 216259
83%
35 + 227262
83%
39 + 224263
83%
97 + 183280
83%
16 + 266282
83%
45 + 239284
83%
98 + 192290
83%
52 + 249301
83%
131 + 174305
83%
93 + 213306
83%
94 + 216310
83%
13 + 297310
83%
16 + 296312
83%
43 + 281324
83%
34 + 292326
83%
38 + 298336
83%
52 + 285337
83%
92 + 249341
83%
63 + 282345
83%
18 + 327345
83%
29 + 319348
83%
34 + 323357
83%
43 + 318361
83%
36 + 326362
83%
17 + 345362
83%
105 + 257362
83%
17 + 348365
83%
45 + 330375
83%
174 + 203377
83%
143 + 244387
83%
17 + 372389
83%
186 + 204390
83%
34 + 357391
83%
44 + 348392
83%
37 + 357394
83%
25 + 372397
83%
47 + 351398
83%
26 + 372398
83%
18 + 383401
83%
32 + 369401
83%
13 + 388401
83%
16 + 387403
83%
124 + 282406
83%
15 + 393408
83%
93 + 316409
83%
24 + 386410
83%
18 + 397415
83%
89 + 330419
83%
55 + 375430
83%
40 + 395435
83%
121 + 328449
83%
17 + 437454
83%
45 + 409454
83%
115 + 346461
83%
124 + 341465
83%
154 + 312466
83%
214 + 253467
83%
19 + 448467
83%
43 + 426469
83%
89 + 380469
83%
65 + 408473
83%
55 + 419474
83%
29 + 452481
83%
171 + 323494
83%
236 + 260496
83%
177 + 320497
83%
69 + 430499
83%
27 + 473500
83%
103 + 402505
83%
56 + 451507
83%
31 + 479510
83%
23 + 488511
83%
50 + 466516
83%
35 + 482517
83%
13 + 508521
83%
61 + 461522
83%
44 + 481525
83%
51 + 475526
83%
125 + 409534
83%
35 + 499534
83%
51 + 485536
83%
124 + 420544
83%
29 + 522551
83%
18 + 536554
83%
113 + 441554
83%
47 + 508555
83%
117 + 443560
83%
36 + 524560
83%
36 + 529565
83%
154 + 414568
83%
33 + 538571
83%
29 + 549578
83%
105 + 474579
83%
26 + 555581
83%
43 + 543586
83%
50 + 539589
83%
13 + 578591
83%
99 + 497596
83%
18 + 5977
83%
35 + 68103
82%
54 + 68122
82%
48 + 85133
82%
61 + 78139
82%
65 + 78143
82%
64 + 87151
82%
34 + 117151
82%
35 + 129164
82%
25 + 139164
82%
78 + 91169
82%
76 + 95171
82%
59 + 114173
82%
26 + 148174
82%
34 + 147181
82%
19 + 165184
82%
29 + 155184
82%
27 + 157184
82%
48 + 145193
82%
22 + 187209
82%
49 + 165214
82%
74 + 140214
82%
45 + 171216
82%
43 + 176219
82%
72 + 154226
82%
89 + 141230
82%
17 + 214231
82%
36 + 195231
82%
63 + 177240
82%
55 + 191246
82%
18 + 229247
82%
77 + 172249
82%
19 + 232251
82%
39 + 213252
82%
42 + 217259
82%
34 + 228262
82%
36 + 227263
82%
72 + 196268
82%
34 + 238272
82%
48 + 228276
82%
19 + 262281
82%
99 + 183282
82%
136 + 155291
82%
37 + 255292
82%
39 + 258297
82%
71 + 229300
82%
56 + 248304
82%
83 + 223306
82%
91 + 218309
82%
23 + 289312
82%
54 + 258312
82%
27 + 295322
82%
42 + 285327
82%
113 + 217330
82%
51 + 284335
82%
145 + 199344
82%
18 + 328346
82%
160 + 193353
82%
148 + 212360
82%
131 + 229360
82%
14 + 348362
82%
71 + 294365
82%
19 + 346365
82%
74 + 295369
82%
36 + 345381
82%
69 + 314383
82%
151 + 236387
82%
74 + 316390
82%
120 + 287407
82%
14 + 394408
82%
179 + 230409
82%
26 + 395421
82%
52 + 372424
82%
19 + 414433
82%
74 + 360434
82%
121 + 320441
82%
209 + 234443
82%
35 + 409444
82%
28 + 428456
82%
132 + 332464
82%
29 + 439468
82%
228 + 242470
82%
107 + 363470
82%
39 + 433472
82%
67 + 415482
82%
35 + 447482
82%
54 + 429483
82%
162 + 323485
82%
34 + 457491
82%
26 + 472498
82%
38 + 462500
82%
29 + 472501
82%
96 + 407503
82%
18 + 486504
82%
19 + 485504
82%
172 + 337509
82%
26 + 483509
82%
113 + 399512
82%
214 + 298512
82%
19 + 493512
82%
199 + 322521
82%
105 + 419524
82%
42 + 483525
82%
62 + 463525
82%
165 + 360525
82%
34 + 496530
82%
222 + 313535
82%
52 + 484536
82%
98 + 442540
82%
31 + 514545
82%
28 + 517545
82%
228 + 330558
82%
26 + 533559
82%
38 + 525563
82%
28 + 544572
82%
18 + 555573
82%
208 + 375583
82%
270 + 318588
82%
18 + 573591
82%
248 + 351599
82%
47 + 96143
81%
32 + 119151
81%
14 + 167181
81%
54 + 129183
81%
38 + 154192
81%
47 + 146193
81%
49 + 159208
81%
42 + 173215
81%
26 + 197223
81%
41 + 194235
81%
53 + 186239
81%
35 + 217252
81%
61 + 192253
81%
105 + 168273
81%
38 + 235273
81%
18 + 256274
81%
58 + 216274
81%
106 + 174280
81%
52 + 239291
81%
74 + 219293
81%
108 + 187295
81%
29 + 277306
81%
57 + 253310
81%
121 + 191312
81%
70 + 243313
81%
84 + 242326
81%
65 + 264329
81%
99 + 232331
81%
142 + 198340
81%
17 + 325342
81%
19 + 327346
81%
86 + 260346
81%
98 + 252350
81%
149 + 206355
81%
65 + 295360
81%
82 + 283365
81%
67 + 299366
81%
45 + 329374
81%
19 + 356375
81%
13 + 369382
81%
25 + 368393
81%
18 + 385403
81%
94 + 313407
81%
156 + 253409
81%
125 + 285410
81%
116 + 294410
81%
16 + 395411
81%
80 + 334414
81%
65 + 354419
81%
46 + 376422
81%
99 + 333432
81%
41 + 394435
81%
16 + 419435
81%
54 + 382436
81%
135 + 308443
81%
26 + 427453
81%
15 + 439454
81%
63 + 395458
81%
121 + 337458
81%
112 + 347459
81%
142 + 327469
81%
113 + 358471
81%
36 + 438474
81%
88 + 388476
81%
75 + 408483
81%
68 + 416484
81%
15 + 472487
81%
57 + 432489
81%
108 + 382490
81%
43 + 449492
81%
26 + 468494
81%
75 + 423498
81%
46 + 454500
81%
114 + 387501
81%
72 + 429501
81%
55 + 446501
81%
90 + 413503
81%
114 + 408522
81%
217 + 308525
81%
63 + 464527
81%
119 + 434553
81%
115 + 441556
81%
95 + 463558
81%
227 + 333560
81%
32 + 529561
81%
25 + 538563
81%
34 + 535569
81%
80 + 494574
81%
39 + 539578
81%
38 + 543581
81%
28 + 569597
81%
38 + 5694
81%
36 + 117153
80%
58 + 122180
80%
48 + 135183
80%
64 + 139203
80%
16 + 187203
80%
66 + 139205
80%
64 + 148212
80%
38 + 179217
80%
62 + 158220
80%
34 + 187221
80%
99 + 136235
80%
51 + 186237
80%
27 + 229256
80%
38 + 219257
80%
24 + 249273
80%
69 + 207276
80%
49 + 229278
80%
17 + 264281
80%
26 + 258284
80%
25 + 259284
80%
18 + 267285
80%
65 + 225290
80%
53 + 239292
80%
78 + 218296
80%
19 + 278297
80%
149 + 152301
80%
96 + 221317
80%
27 + 298325
80%
91 + 248339
80%
53 + 289342
80%
17 + 326343
80%
39 + 313352
80%
65 + 289354
80%
38 + 317355
80%
153 + 208361
80%
119 + 243362
80%
92 + 270362
80%
154 + 214368
80%
24 + 349373
80%
59 + 314373
80%
125 + 252377
80%
27 + 359386
80%
78 + 315393
80%
56 + 339395
80%
155 + 243398
80%
138 + 260398
80%
75 + 335410
80%
53 + 357410
80%
52 + 366418
80%
98 + 326424
80%
34 + 395429
80%
48 + 392440
80%
26 + 418444
80%
96 + 352448
80%
88 + 362450
80%
70 + 388458
80%
128 + 331459
80%
228 + 243471
80%
27 + 447474
80%
144 + 335479
80%
53 + 429482
80%
97 + 387484
80%
36 + 449485
80%
147 + 342489
80%
92 + 397489
80%
99 + 393492
80%
209 + 296505
80%
141 + 368509
80%
137 + 373510
80%
25 + 487512
80%
53 + 466519
80%
85 + 441526
80%
242 + 284526
80%
31 + 497528
80%
81 + 449530
80%
45 + 485530
80%
99 + 432531
80%
55 + 481536
80%
58 + 478536
80%
231 + 306537
80%
60 + 477537
80%
139 + 412551
80%
139 + 413552
80%
145 + 408553
80%
37 + 516553
80%
248 + 306554
80%
132 + 424556
80%
146 + 415561
80%
19 + 547566
80%
232 + 339571
80%
144 + 427571
80%
194 + 380574
80%
109 + 469578
80%
143 + 437580
80%
15 + 567582
80%
231 + 355586
80%
189 + 399588
80%
95 + 494589
80%
54 + 79133
79%
39 + 116155
79%
75 + 126201
79%
19 + 186205
79%
57 + 149206
79%
43 + 168211
79%
95 + 123218
79%
44 + 179223
79%
74 + 154228
79%
59 + 182241
79%
57 + 196253
79%
17 + 248265
79%
38 + 228266
79%
95 + 174269
79%
38 + 239277
79%
47 + 254301
79%
87 + 233320
79%
151 + 171322
79%
124 + 199323
79%
32 + 293325
79%
68 + 268336
79%
83 + 256339
79%
46 + 294340
79%
149 + 191340
79%
79 + 272351
79%
28 + 324352
79%
97 + 257354
79%
16 + 338354
79%
108 + 275383
79%
27 + 356383
79%
36 + 347383
79%
109 + 277386
79%
45 + 348393
79%
17 + 378395
79%
83 + 319402
79%
35 + 372407
79%
144 + 265409
79%
77 + 334411
79%
25 + 388413
79%
49 + 365414
79%
58 + 358416
79%
97 + 321418
79%
82 + 338420
79%
118 + 305423
79%
83 + 342425
79%
45 + 383428
79%
67 + 365432
79%
19 + 433452
79%
16 + 437453
79%
136 + 326462
79%
76 + 395471
79%
18 + 459477
79%
44 + 437481
79%
49 + 435484
79%
143 + 342485
79%
95 + 391486
79%
17 + 474491
79%
28 + 467495
79%
92 + 419511
79%
58 + 463521
79%
134 + 394528
79%
43 + 486529
79%
83 + 447530
79%
39 + 494533
79%
81 + 454535
79%
48 + 493541
79%
51 + 498549
79%
205 + 349554
79%
84 + 485569
79%
113 + 458571
79%
28 + 545573
79%
65 + 518583
79%
69 + 514583
79%
58 + 526584
79%
67 + 519586
79%
96 + 495591
79%
28 + 563591
79%
79 + 514593
79%
54 + 539593
79%
38 + 89127
78%
65 + 97162
78%
75 + 89164
78%
39 + 132171
78%
49 + 137186
78%
37 + 159196
78%
58 + 161219
78%
85 + 155240
78%
56 + 187243
78%
86 + 172258
78%
73 + 186259
78%
28 + 246274
78%
46 + 255301
78%
19 + 287306
78%
66 + 251317
78%
41 + 277318
78%
123 + 196319
78%
137 + 199336
78%
58 + 281339
78%
91 + 264355
78%
58 + 307365
78%
15 + 358373
78%
38 + 339377
78%
91 + 286377
78%
29 + 354383
78%
45 + 338383
78%
68 + 324392
78%
41 + 358399
78%
119 + 281400
78%
62 + 366428
78%
161 + 271432
78%
134 + 299433
78%
140 + 296436
78%
97 + 340437
78%
81 + 368449
78%
134 + 318452
78%
62 + 396458
78%
65 + 398463
78%
126 + 346472
78%
196 + 280476
78%
197 + 280477
78%
118 + 378496
78%
85 + 418503
78%
25 + 478503
78%
48 + 458506
78%
87 + 431518
78%
36 + 482518
78%
181 + 341522
78%
71 + 452523
78%
34 + 492526
78%
98 + 431529
78%
64 + 466530
78%
149 + 390539
78%
48 + 495543
78%
72 + 472544
78%
183 + 380563
78%
226 + 341567
78%
156 + 415571
78%
83 + 489572
78%
96 + 482578
78%
92 + 489581
78%
234 + 353587
78%
153 + 438591
78%
58 + 536594
78%
155 + 441596
78%
17 + 169186
77%
77 + 126203
77%
68 + 137205
77%
29 + 178207
77%
94 + 126220
77%
91 + 143234
77%
87 + 152239
77%
74 + 176250
77%
37 + 218255
77%
69 + 197266
77%
74 + 196270
77%
69 + 234303
77%
82 + 232314
77%
78 + 251329
77%
65 + 266331
77%
56 + 285341
77%
117 + 228345
77%
48 + 298346
77%
53 + 295348
77%
68 + 281349
77%
57 + 294351
77%
122 + 229351
77%
170 + 182352
77%
55 + 298353
77%
96 + 276372
77%
114 + 269383
77%
37 + 369406
77%
78 + 334412
77%
85 + 342427
77%
47 + 383430
77%
43 + 388431
77%
61 + 378439
77%
153 + 287440
77%
28 + 439467
77%
226 + 253479
77%
48 + 436484
77%
18 + 467485
77%
47 + 439486
77%
19 + 476495
77%
63 + 439502
77%
68 + 438506
77%
147 + 363510
77%
72 + 439511
77%
47 + 464511
77%
78 + 433511
77%
37 + 495532
77%
184 + 350534
77%
67 + 469536
77%
91 + 449540
77%
150 + 394544
77%
234 + 315549
77%
79 + 472551
77%
117 + 438555
77%
184 + 383567
77%
149 + 422571
77%
94 + 478572
77%
86 + 494580
77%
222 + 359581
77%
237 + 344581
77%
85 + 498583
77%
169 + 417586
77%
129 + 462591
77%
19 + 574593
77%
47 + 547594
77%
27 + 178205
76%
49 + 162211
76%
92 + 138230
76%
64 + 171235
76%
48 + 195243
76%
84 + 162246
76%
117 + 186303
76%
44 + 277321
76%
48 + 275323
76%
56 + 273329
76%
36 + 297333
76%
79 + 258337
76%
54 + 285339
76%
54 + 286340
76%
91 + 257348
76%
135 + 239374
76%
39 + 343382
76%
58 + 339397
76%
19 + 382401
76%
135 + 274409
76%
150 + 268418
76%
38 + 391429
76%
198 + 232430
76%
39 + 392431
76%
91 + 343434
76%
180 + 266446
76%
152 + 298450
76%
138 + 328466
76%
186 + 286472
76%
95 + 378473
76%
95 + 382477
76%
76 + 427503
76%
29 + 474503
76%
116 + 389505
76%
48 + 459507
76%
249 + 258507
76%
235 + 273508
76%
32 + 487519
76%
181 + 342523
76%
133 + 391524
76%
193 + 333526
76%
82 + 445527
76%
93 + 444537
76%
71 + 486557
76%
81 + 478559
76%
75 + 485560
76%
255 + 309564
76%
147 + 418565
76%
164 + 413577
76%
166 + 418584
76%
119 + 473592
76%
78 + 517595
76%
49 + 86135
75%
73 + 138211
75%
58 + 159217
75%
76 + 166242
75%
55 + 194249
75%
83 + 176259
75%
83 + 178261
75%
109 + 167276
75%
67 + 216283
75%
89 + 198287
75%
28 + 266294
75%
76 + 226302
75%
79 + 224303
75%
77 + 236313
75%
59 + 256315
75%
151 + 167318
75%
58 + 265323
75%
87 + 238325
75%
47 + 289336
75%
37 + 315352
75%
48 + 317365
75%
88 + 284372
75%
38 + 349387
75%
136 + 255391
75%
29 + 375404
75%
46 + 359405
75%
27 + 384411
75%
71 + 363434
75%
153 + 285438
75%
49 + 395444
75%
56 + 391447
75%
119 + 342461
75%
68 + 394462
75%
97 + 366463
75%
216 + 249465
75%
84 + 386470
75%
59 + 426485
75%
219 + 266485
75%
59 + 439498
75%
182 + 317499
75%
142 + 371513
75%
167 + 352519
75%
46 + 481527
75%
59 + 472531
75%
151 + 384535
75%
163 + 377540
75%
49 + 493542
75%
128 + 416544
75%
57 + 488545
75%
58 + 491549
75%
271 + 281552
75%
93 + 462555
75%
89 + 475564
75%
97 + 472569
75%
77 + 497574
75%
89 + 492581
75%
59 + 78137
74%
69 + 134203
74%
93 + 136229
74%
96 + 183279
74%
119 + 193312
74%
82 + 239321
74%
129 + 217346
74%
95 + 253348
74%
66 + 291357
74%
134 + 228362
74%
155 + 218373
74%
38 + 357395
74%
39 + 363402
74%
37 + 366403
74%
175 + 229404
74%
153 + 252405
74%
134 + 277411
74%
29 + 387416
74%
93 + 332425
74%
38 + 389427
74%
59 + 389448
74%
64 + 389453
74%
82 + 384466
74%
91 + 385476
74%
174 + 319493
74%
175 + 333508
74%
177 + 332509
74%
86 + 427513
74%
195 + 331526
74%
182 + 354536
74%
196 + 343539
74%
127 + 415542
74%
226 + 319545
74%
174 + 375549
74%
82 + 472554
74%
73 + 487560
74%
98 + 479577
74%
242 + 339581
74%
27 + 569596
74%
29 + 567596
74%
67 + 148215
73%
75 + 164239
73%
68 + 183251
73%
127 + 179306
73%
45 + 283328
73%
59 + 279338
73%
88 + 256344
73%
167 + 192359
73%
93 + 269362
73%
145 + 258403
73%
66 + 348414
73%
79 + 337416
73%
128 + 289417
73%
59 + 365424
73%
47 + 384431
73%
67 + 373440
73%
54 + 387441
73%
117 + 328445
73%
182 + 268450
73%
66 + 386452
73%
169 + 295464
73%
137 + 335472
73%
156 + 318474
73%
167 + 343510
73%
29 + 488517
73%
66 + 468534
73%
68 + 468536
73%
84 + 457541
73%
257 + 292549
73%
170 + 385555
73%
272 + 288560
73%
198 + 368566
73%
86 + 489575
73%
167 + 409576
73%
259 + 324583
73%
154 + 439593
73%
235 + 362597
73%
57 + 177234
72%
85 + 177262
72%
88 + 179267
72%
85 + 183268
72%
97 + 186283
72%
118 + 186304
72%
128 + 176304
72%
154 + 167321
72%
89 + 288377
72%
86 + 297383
72%
28 + 375403
72%
137 + 269406
72%
147 + 269416
72%
48 + 379427
72%
134 + 296430
72%
44 + 389433
72%
49 + 385434
72%
197 + 244441
72%
163 + 283446
72%
69 + 379448
72%
129 + 337466
72%
179 + 289468
72%
94 + 383477
72%
58 + 426484
72%
169 + 318487
72%
39 + 467506
72%
152 + 362514
72%
74 + 467541
72%
192 + 373565
72%
69 + 496565
72%
115 + 469584
72%
38 + 193231
71%
43 + 269312
71%
39 + 288327
71%
73 + 265338
71%
87 + 279366
71%
97 + 277374
71%
73 + 339412
71%
165 + 255420
71%
95 + 327422
71%
165 + 258423
71%
198 + 233431
71%
84 + 348432
71%
157 + 282439
71%
155 + 288443
71%
169 + 282451
71%
163 + 298461
71%
76 + 385461
71%
89 + 397486
71%
89 + 424513
71%
235 + 279514
71%
77 + 444521
71%
138 + 388526
71%
83 + 469552
71%
178 + 374552
71%
67 + 489556
71%
248 + 319567
71%
38 + 274312
70%
85 + 258343
70%
166 + 186352
70%
68 + 288356
70%
128 + 254382
70%
192 + 223415
70%
78 + 357435
70%
163 + 273436
70%
87 + 349436
70%
185 + 279464
70%
149 + 317466
70%
83 + 384467
70%
237 + 264501
70%
49 + 479528
70%
244 + 285529
70%
74 + 459533
70%
249 + 284533
70%
67 + 468535
70%
88 + 453541
70%
67 + 477544
70%
227 + 325552
70%
78 + 477555
70%
271 + 297568
70%
229 + 344573
70%
78 + 155233
69%
58 + 264322
69%
78 + 244322
69%
129 + 194323
69%
158 + 167325
69%
69 + 277346
69%
176 + 195371
69%
159 + 243402
69%
118 + 286404
69%
139 + 268407
69%
177 + 239416
69%
37 + 385422
69%
146 + 295441
69%
93 + 368461
69%
78 + 383461
69%
148 + 355503
69%
135 + 381516
69%
154 + 378532
69%
139 + 394533
69%
84 + 449533
69%
88 + 457545
69%
177 + 374551
69%
88 + 156244
68%
79 + 287366
68%
176 + 253429
68%
156 + 348504
68%
89 + 454543
68%
56 + 488544
68%
191 + 354545
68%
87 + 471558
68%
76 + 489565
68%
49 + 272321
67%
86 + 369455
67%
85 + 387472
67%
164 + 349513
67%
79 + 456535
67%
73 + 468541
67%
69 + 493562
67%
164 + 267431
66%
176 + 339515
66%
177 + 376553
66%
197 + 268465
65%
183 + 298481
65%
159 + 373532
65%
258 + 281539
65%
173 + 359532
64%
188 + 364552
64%
143 + 189332
63%
168 + 257425
63%
178 + 296474
63%
187 + 289476
63%
189 + 356545
63%
166 + 278444
61%
77 + 265342
60%
168 + 246414
60%
158 + 376534
59%

Score Distribution

Percentile by Number Answered

Percent of People with Each Score

Your Score History

You have not taken this quiz